LEADER 01837nam 2200361 n 450 001 996392400303316 005 20200818230018.0 035 $a(CKB)4940000000109613 035 $a(EEBO)2248540902 035 $a(UnM)99865388e 035 $a(UnM)99865388 035 $a(EXLCZ)994940000000109613 100 $a19940204d1649 uy | 101 0 $aeng 135 $aurbn||||a|bb| 200 10$aBritannia rediviva: or the proper and soveraign remedy for the healing and recovering of these three distracted nations;$b[electronic resource] $eas it was prescribed in a sermon preached in the minster at York, at the Assizes there held on Thursday morning, August 9. 1649. Before the Right Honorable Judges, the Right Worshipful the High Sheriff, the justices of peace, gentry, and others of the county of York. /$fBy John Shaw, master of arts, sometimes of Christs Colledg in Cambridg, and now preacher of Gods Word at Kingston upon Hull 210 $aLondon $cPrinted by Robert White for Nathaniel Brooks, and are to be sold at the sign of the Angel in Cornhil, neer the Royal Exchange$d1649 215 $a40, [1] p., [1] leaf of plates $cill 300 $aAnnotation on Thomason copy: "Novemb: 28". 300 $aReproduction of the original in the British Library. 330 $aeebo-0018 606 $aSermons, English$y17th century 607 $aGreat Britain$xHistory$yCommonwealth and Protectorate, 1649-1660$vSermons$vEarly works to 1800 615 0$aSermons, English 700 $aShawe$b John$f1608-1672.$01011584 801 0$bCu-RivES 801 1$bCu-RivES 801 2$bCStRLIN 801 2$bWaOLN 906 $aBOOK 912 $a996392400303316 996 $aBritannia rediviva: or the proper and soveraign remedy for the healing and recovering of these three distracted nations$92347116 997 $aUNISA